Základy ekonomiky stavebního podniku /

Hlavní autor: Marková, Leonora, 1944-
Korporativní autor: Vysoké učení technické v Brně. Ústav stavební ekonomiky a řízení
Další autoři: Hrazdilová Bočková, Kateřina, 1976-, Hejduková, Amálie, 1945-
Jazyk: Čeština
Vydáno: Brno : CERM, 2002
Edice: Učební texty vysokých škol
Témata:
Fyzický popis: 202 s. ; 29 cm
Knihy
Uloženo v:
LEADER 02084nam a2200469 a 4500
001 000664454
003 CZ BrMZK
005 20091102111022.0
007 ta
008 030402s2002 xr e p 000 0 cze d
015 |a cnb001183722 
020 |a 80-214-2179-7  |q (brož.) 
035 |a (OCoLC)53274565 
040 |a BOA001  |b cze 
072 7 |a 69  |x Stavebnictví  |2 Konspekt  |9 19 
072 7 |a 37.016  |x Učební osnovy. Vyučovací předměty. Učebnice  |2 Konspekt  |9 22 
080 |a 69:005.71  |2 MRF 
080 |a 69:33  |2 MRF 
080 |a 658  |2 MRF 
080 |a (075.8)  |2 MRF 
100 1 |a Marková, Leonora,  |d 1944-  |7 mzk2003171548  |4 aut 
245 1 0 |a Základy ekonomiky stavebního podniku /  |c Leonora Marková, Amálie Hejduková, Kateřina Hrazdilová = Principles of economy of building firm 
246 3 1 |a Principles of economy of building firm 
260 |a Brno :  |b CERM,  |c 2002 
300 |a 202 s. ;  |c 29 cm 
490 1 |a Učební texty vysokých škol 
500 |a Anglický text a obsah 
500 |a Nad názvem: Vysoké učení technické v Brně, Stavební fakulta, Ústav stavební ekonomiky a řízení 
504 |a Obsahuje bibliografii 
650 0 7 |a stavební podniky  |7 ph116282  |2 czenas 
650 0 7 |a ekonomika stavebnictví  |7 ph138699  |2 czenas 
650 0 7 |a podniková ekonomika  |7 ph115762  |2 czenas 
655 7 |a učebnice vysokých škol  |7 fd133772  |2 czenas 
700 1 |a Hrazdilová Bočková, Kateřina,  |d 1976-  |7 mzk2003171559  |4 aut 
700 1 |a Hejduková, Amálie,  |d 1945-  |7 jn20000400924  |4 aut 
710 2 |a Vysoké učení technické v Brně.  |b Ústav stavební ekonomiky a řízení  |7 ko2002103670 
810 2 |a Vysoké učení technické v Brně.  |t Učební texty vysokých škol  |0 s 
910 |a BOA001  |b 3-1116.607 
990 |a BK 
996 6 |b 2610186169  |c 3-1116.607  |l MZK  |r Sklad / do 1 hodiny  |n 1  |p p.v.  |w 000664454  |u 000010  |a 1  |e BOA001  |j MZK50  |s P 
996 7 |b 2610188066  |c 3-1116.607  |l MZK  |r Sklad / do 1 hodiny  |n 22  |p kup  |w 000664454  |u 000040  |a 1  |e BOA001  |j MZK50  |s A 
996 7 |b 2610563434  |c 3-1116.607  |l MZK  |r Sklad / do 1 hodiny  |n 3  |w 000664454  |u 000050  |a 1  |e BOA001  |j MZK50  |s A